| 000 | 00537nam a2200169 4500 | ||
|---|---|---|---|
| 001 | 132976 | ||
| 003 | ES-MaACL | ||
| 005 | 20230906194308.0 | ||
| 007 | t| | ||
| 008 | 070214s1929 sp r ||||1| spa d | ||
| 100 | 1 |
_aRoyo Villanova, Antonio, _d1869-1958 _9100235 |
|
| 245 | 1 | 3 |
_aLa Regencia y el derecho público español / _c: homenaje a la Reina Dª María Cristina por Antonio Royo Villanova. |
| 260 |
_aMadrid : _bReus, _c1929. |
||
| 300 |
_a208 p. ; _c19 x 12 cm. |
||
| 852 |
_aES-MaACL _jB-5895 |
||
| 999 |
_c132976 _d132976 |
||